000 00537nam a2200205Ia 4500
005 20230117100948.0
008 131103s9999 xx 000 0 und d
040 _aLoreto College
041 _aEnglish
082 _a954
_bPAN
245 2 _aA book of India
_cedited by B.N.Pandey
260 _a[s.l.]
_b[s.n.]
_c[19 - ?]
300 _a416 p.
_b illus.
504 _aIncludes dates,bibliographical references
650 _aIndian History
651 _aIndia - History
700 _aPandey,B.N.,ed.
850 _aLCLIB
942 _cBK
999 _c9016
_d59495